Export - obchodný prípad bakalárska práca

Salvato in:
Dettagli Bibliografici
Autore principale: Kriššák, Dušan
Ente Autore: Fakulta podnikového manažmentu EU. Katedra manažmentu
Altri autori: Füzyová, Ľubica
Natura: Libro
Lingua:slovacco
Pubblicazione: Bratislava 2009
Tags: Aggiungi Tag
Nessun Tag, puoi essere il primo ad aggiungerne!!

MARC

LEADER 00000nam$a2200000$$$4500
001 0103232
005 20240320074938.5
041 0 |a slo 
044 |a SK 
245 1 0 |a Export - obchodný prípad  |b bakalárska práca  |c Dušan Kriššák ; škol. Ľubica Füzyová 
264 1 |a Bratislava  |c 2009 
300 |a 55 s. 
100 1 |a Kriššák, Dušan 
700 1 |a Füzyová, Ľubica 
710 2 |a Fakulta podnikového manažmentu EU. Katedra manažmentu